One's Not Like the Others Quiz Stats

 Plays Quiz Updated Feb 20, 2015

Score 0/10 Timer 03:00
6 Plays Today
% Correct
It's #1.
99.5%
It's #2.
98.8%
It's #1.
98.5%
It's #3.
98.3%
It's #4.
79.7%
It's #4.
79.1%
It's #3.
63.7%
It's #2.
54.5%
It's #4.
35.8%
It's #2.
22.6%

You're not logged in!

Compare scores with friends on all Sporcle quizzes.
OR
Log In

You Might Also Like...

Show Comments

Extras

Top Quizzes Today


Score Distribution

Your Account Isn't Verified!

In order to create a playlist on Sporcle, you need to verify the email address you used during registration. Go to your Sporcle Settings to finish the process.

Report this User

Report this user for behavior that violates our Community Guidelines.

Details: